[Event "American Continental Rapid 18th"]
[Site "Medellin"]
[Date "2024.06.01"]
[Round "1"]
[White "Ossa Quintero, Vladimir Andrey"]
[Black "Vasquez Ramirez, Jean Paul"]
[Result "1-0"]
[WhiteElo "1975"]
[BlackElo "1531"]
[PlyCount "65"]
[EventDate "2024.06.01"]
[EventType "swiss (rapid)"]
[EventRounds "9"]
[EventCountry "COL"]
[SourceTitle "CB23_2024"]
[SourceDate "2024.06.05"]
[SourceVersion "1"]
[SourceVersionDate "2024.06.05"]
[SourceQuality "1"]

1. e4 c5 2. g3 d6 3. Bg2 g6 4. Ne2 Bg7 5. c3 a6 6. d4 cxd4 7. cxd4 e6 8. Nbc3 Nc6 9. Be3 Qc7 10. Rc1 Nf6 11. d5 exd5 12. Nxd5 Qd8 13. Bb6 Qd7 14. Nc7+ Kf8 15. Nxa8 Ne8 16. Be3 Bxb2 17. Nb6 Qd8 18. Rc2 Ba3 19. Qa1 Rg8 20. Bh6+ Ke7 21. Nd5+ Kd7 22. Bh3+ f5 23. exf5 Bb4+ 24. Kf1 Nc7 25. fxg6+ Ne6 26. Nf6+ Kc7 27. Nxg8 Qxg8 28. g7 Kb8 29. Qf6 d5 30. Bf5 Be7 31. Qb2 Ncd8 32. Qe5+ Ka7 33. Rxc8 1-0

[Event "American Continental Rapid 18th"]
[Site "Medellin"]
[Date "2024.06.01"]
[Round "5"]
[White "Vasquez Ramirez, Jean Paul"]
[Black "Roldan Arboleda, Jorge Alain"]
[Result "1-0"]
[WhiteElo "1531"]
[BlackElo "1887"]
[PlyCount "88"]
[EventDate "2024.06.01"]
[EventType "swiss (rapid)"]
[EventRounds "9"]
[EventCountry "COL"]
[SourceTitle "CB23_2024"]
[SourceDate "2024.06.05"]
[SourceVersion "1"]
[SourceVersionDate "2024.06.05"]
[SourceQuality "1"]

1. e4 e6 2. d4 d5 3. Nd2 f5 4. exf5 exf5 5. Bd3 Nf6 6. Ngf3 Bd6 7. 0-0 0-0 8. b3 Ne4 9. c4 c6 10. Bb2 Nd7 11. Re1 Ndf6 12. Rc1 Ng4 13. Re2 Bf4 14. h3 Ngf6 15. cxd5 cxd5 16. Rc2 Be6 17. Ne5 Nxd2 18. Rcxd2 Bxd2 19. Qxd2 Ne4 20. Bxe4 fxe4 21. f3 Bf5 22. Ba3 Re8 23. Re3 exf3 24. Rxf3 Be4 25. Rf7 Qh4 26. Rxb7 Rac8 27. Qf2 Qxf2+ 28. Kxf2 Rc2+ 29. Ke3 Bxg2 30. Rxa7 Rxa2 31. h4 Rb8 32. b4 Be4 33. b5 h6 34. Ra5 g5 35. hxg5 hxg5 36. Nd7 Rc8 37. Nf6+ Kf7 38. Nxe4 dxe4 39. Kxe4 Rc3 40. Ra7+ Kg6 41. Bc5 Rxa7 42. Bxa7 g4 43. d5 Kf6 44. Bd4+ Kg6 1-0

[Event "American Continental Rapid 18th"]
[Site "Medellin"]
[Date "2024.06.01"]
[Round "2"]
[White "Vasquez Ramirez, Jean Paul"]
[Black "Sanchez Bonilla, John Henry"]
[Result "0-1"]
[WhiteElo "1531"]
[BlackElo "1891"]
[PlyCount "142"]
[EventDate "2024.06.01"]
[EventType "swiss (rapid)"]
[EventRounds "9"]
[EventCountry "COL"]
[SourceTitle "CB23_2024"]
[SourceDate "2024.06.05"]
[SourceVersion "1"]
[SourceVersionDate "2024.06.05"]
[SourceQuality "1"]

1. e4 e6 2. d4 d5 3. Nd2 Nf6 4. e5 Nfd7 5. Ngf3 c5 6. c3 Nc6 7. Bb5 Qb6 8. a4 a6 9. Bxc6 Qxc6 10. 0-0 Rb8 11. dxc5 Bxc5 12. b4 Ba7 13. Bb2 Nb6 14. b5 Qd7 15. Qe2 a5 16. Rfd1 Qc7 17. Ba3 Nc4 18. Nxc4 dxc4 19. Bd6 Qb6 20. Bxb8 Bxb8 21. Qxc4 0-0 22. Rd6 Bxd6 23. exd6 Qxd6 24. h3 b6 25. Qd4 Rd8 26. Rd1 Qxd4 27. Rxd4 Rxd4 28. Nxd4 Kf8 29. c4 Ke7 30. Nc6+ Kd6 31. Kf1 Bb7 32. Nd8 Be4 33. Nxf7+ Kc5 34. Ne5 Kd4 35. Nd7 Kxc4 36. Nxb6+ Kb4 37. f3 Bc2 38. Nd7 Bxa4 39. b6 Bc6 40. Ne5 Bd5 41. Ke2 Kb5 42. Kd3 Kxb6 43. Kc3 Kc5 44. Nd7+ Kd6 45. Nf8 h6 46. Ng6 e5 47. Nh4 Ke6 48. Ng6 Kf6 49. Nf8 Bc6 50. Nh7+ Kf7 51. h4 Kg8 52. Ng5 hxg5 53. hxg5 Kf7 54. Kc4 a4 55. Kb4 Kg6 56. g4 Kxg5 57. Ka3 Kf4 58. Kb4 g5 59. Ka3 Kxf3 60. Kb4 Kxg4 61. Ka3 Kf4 62. Kb4 g4 63. Kc3 g3 64. Kb4 g2 65. Ka3 g1Q 66. Kb2 Qe3 67. Kc2 Qb3+ 68. Kc1 a3 69. Kd2 e4 70. Kc1 Qb2+ 71. Kd1 Bb5 0-1

[Event "American Continental Blitz 18th"]
[Site "Medellin"]
[Date "2024.05.29"]
[Round "8"]
[White "Gomez, Alfredo"]
[Black "Vasquez Ramirez, Jean Paul"]
[Result "0-1"]
[WhiteElo "1851"]
[BlackElo "1563"]
[PlyCount "128"]
[EventDate "2024.05.29"]
[EventType "swiss (blitz)"]
[EventRounds "9"]
[EventCountry "COL"]
[SourceTitle "CB23_2024"]
[SourceDate "2024.06.05"]
[SourceVersion "1"]
[SourceVersionDate "2024.06.05"]
[SourceQuality "1"]

1. e4 c5 2. Nc3 d6 3. d4 cxd4 4. Qxd4 Nc6 5. Bb5 Bd7 6. Qd1 a6 7. Ba4 b5 8. Bb3 Na5 9. Nf3 Nxb3 10. axb3 Nf6 11. Bg5 e6 12. 0-0 h6 13. Bh4 Bc6 14. Nd2 Be7 15. Bg3 Rc8 16. f3 d5 17. exd5 Nxd5 18. Nde4 Nxc3 19. Qxd8+ Rxd8 20. bxc3 Bxe4 21. fxe4 0-0 22. Rxa6 Rd2 23. Rc1 Rc8 24. Be1 Re2 25. b4 Rxe4 26. Rb6 Re5 27. Rb7 Bf6 28. Rd1 Re2 29. Rc1 Bxc3 30. Bxc3 Rxc3 31. Rxb5 Rcxc2 32. Rxc2 Rxc2 33. Rc5 Rb2 34. b5 Kf8 35. Kf1 Ke8 36. Ke1 Rxg2 37. Kd1 Rb2 38. Kc1 Rxh2 39. b6 Rh1+ 40. Kc2 Rh2+ 41. Kc3 Rh3+ 42. Kb4 Rh1 43. Kb5 Kd7 44. Rc7+ Kd6 45. Ka6 Rb1 46. Kb7 f5 47. Rxg7 h5 48. Rh7 f4 49. Rxh5 e5 50. Rh6+ Kd5 51. Kc7 e4 52. b7 Rxb7+ 53. Kxb7 f3 54. Rh8 e3 55. Rd8+ Ke4 56. Re8+ Kd3 57. Rd8+ Ke2 58. Kc6 f2 59. Kd5 f1Q 60. Ke4 Qf3+ 61. Ke5 Qg3+ 62. Ke6 Qg6+ 63. Kd7 Qd3+ 64. Kc7 Qxd8+ 0-1

[Event "American Continental Blitz 18th"]
[Site "Medellin"]
[Date "2024.05.29"]
[Round "6"]
[White "Meza Galvan, Luis A"]
[Black "Vasquez Ramirez, Jean Paul"]
[Result "1/2-1/2"]
[WhiteElo "1849"]
[BlackElo "1563"]
[PlyCount "111"]
[EventDate "2024.05.29"]
[EventType "swiss (blitz)"]
[EventRounds "9"]
[EventCountry "COL"]
[SourceTitle "CB23_2024"]
[SourceDate "2024.06.05"]
[SourceVersion "1"]
[SourceVersionDate "2024.06.05"]
[SourceQuality "1"]

1. e4 c5 2. Nf3 d6 3. d4 cxd4 4. Nxd4 Nf6 5. Nc3 a6 6. Bg5 e6 7. Qd2 Be7 8. 0-0-0 h6 9. Be3 Nc6 10. f3 Qc7 11. Kb1 b5 12. g4 Bb7 13. g5 Nxd4 14. Qxd4 hxg5 15. Bxg5 Rd8 16. Be3 d5 17. e5 Nd7 18. f4 Bc5 19. Qd2 Qb6 20. Bd4 Bxd4 21. Qxd4 Qxd4 22. Rxd4 f6 23. exf6 gxf6 24. Bd3 Kf7 25. Be2 Rh4 26. a4 e5 27. Rxd5 Bxd5 28. Nxd5 bxa4 29. fxe5 Nxe5 30. Nc3 Rdh8 31. Bxa6 Rxh2 32. Rf1 Rh1 33. Ka2 Rxf1 34. Bxf1 Rh2 35. Nxa4 Rxc2 36. Kb3 Rc7 37. Nc3 Rb7+ 38. Kc2 Ke6 39. Ne4 Rc7+ 40. Kb3 f5 41. Ng5+ Kf6 42. Nh3 Rb7+ 43. Kc3 Rf7 44. b4 Rc7+ 45. Kd4 Rd7+ 46. Kc5 Rc7+ 47. Kd4 Nf3+ 48. Kd5 Ng5 49. Nf4 Ne4 50. b5 Rc5+ 51. Kd4 Rc1 52. Nd5+ Ke6 53. Bc4 Rxc4+ 54. Kxc4 Nd6+ 55. Kc5 Nxb5 56. Nf4+ 1/2-1/2